000
00344pab a2200145 454500
008
180718b1986 xxu||||| |||| 00| 0 eng d
100
_a
Gore, M.S.
245
_a
Financing higher education
260
_c
1986
300
_a
3-6
362
_a
1 June
650
_a
Colleges and Universities - Finance
773
_a
University news
909
_a
6004
999
_c
6004
_d
6004